[Event "Amber-blind 8th"]
[Site "Monte Carlo"]
[Date "1999.03.18"]
[Round "3"]
[White "Shirov, Alexei"]
[Black "Topalov, Veselin"]
[Result "1-0"]
[WhiteElo "2726"]
[BlackElo "2700"]
[PlyCount "97"]
[EventDate "1999.03.16"]
[Source "ChessBase"]
[SourceDate "1999.05.10"]

1. e4 d6 2. d4 Nf6 3. Nc3 g6 4. f4 Bg7 5. Nf3 O-O 6. Bd3 Nc6 7. e5 dxe5 8. dxe5 Nd5 9. O-O Ncb4 10. Be4 c6 11. Qe1 Qb6+ 12. Kh1 Bg4 13. Na4 Qa6 14. b3 b5 15. Nb2 Bxf3 16. Rxf3 f5 17. exf6 exf6 18. f5 Rae8 19. Bxd5+ Nxd5 20. Qf2 Qb6 21. Nd3 Qxf2 22. Rxf2 Nb4 23. Ba3 Nxd3 24. cxd3 Rf7 25. g3 Re5 26. Rc1 Rxf5 27. Rxf5 gxf5 28. Rxc6 Rd7 29. Bd6 Kf7 30. Kg2 Ke6 31. Bb8+ Kf7 32. Bd6 Ke6 33. Bc5+ Ke5 34. d4+ Ke4 35. Re6+ Kd3 36. Kf3 a5 37. Re3+ Kc2 38. Re7 Rxe7 39. Bxe7 Bh6 40. d5 Bd2 41. Bc5 a4 42. bxa4 bxa4 43. Bb6 Bb4 44. Bc7 Bc3 45. d6 Be5 46. Bb8 Bd4 47. d7 Bb6 48. Bd6 Bd8 49. Kf4 1-0

[Event "Bastia Cup"]
[Site "Bastia"]
[Date "1999.12.04"]
[Round "1.3"]
[White "Smirin, Ilia"]
[Black "Rublevsky, Sergei"]
[Result "1-0"]
[WhiteElo "2671"]
[BlackElo "2660"]
[PlyCount "62"]
[EventDate "1999.11.??"]
[Source "ChessBase"]
[SourceDate "2000.01.11"]

1. e4 d6 2. d4 Nf6 3. Nc3 g6 4. f4 Bg7 5. Nf3 O-O 6. Be2 c5 7. dxc5 Qa5 8. O-O Qxc5+ 9. Kh1 Nc6 10. Bd3 Bg4 11. Qe1 Bxf3 12. Rxf3 Nb4 13. f5 e6 14. Bg5 Nxd3 15. cxd3 exf5 16. exf5 Qd4 17. Rf4 Qe5 18. Qh4 Nd5 19. Nxd5 Qxd5 20. f6 Rfe8 21. fxg7 Re2 22. Rf3 Rae8 23. Bf6 R8e6 24. Raf1 h5 25. Qf4 Kh7 26. Qh6+ Kxh6 27. g8=Q Rxf6 28. Qh8+ Kg5 29. Qxf6+ Kh6 30. Qh8+ Kg5 31. Rg3+ Kh4 1-0

[Event "Magyarorszag (ch) 71/116"]
[Site "?"]
[Date "1997.??.??"]
[Round "?"]
[White "Almasi, Zoltan"]
[Black "Chernin, Alexander"]
[Result "1/2-1/2"]
[WhiteElo "2615"]
[BlackElo "2640"]
[PlyCount "57"]
[EventDate "1997.??.??"]
[Source "ChessBase"]
[SourceDate "1997.10.01"]

1. e4 d6 2. d4 Nf6 3. Nc3 g6 4. f4 Bg7 5. Nf3 O-O 6. Bd3 Nc6 7. O-O e5 8. fxe5 dxe5 9. d5 Nb4 10. Bc4 Ne8 11. Bg5 f6 12. Bh4 Nd6 13. Be2 a5 14. a3 Na6 15. b4 Qe8 16. Bf2 f5 17. Nd2 Bd7 18. bxa5 Qe7 19. Nc4 Kh8 20. Nxd6 cxd6 21. Rb1 Rfc8 22. Qd2 Be8 23. Bb5 Nc5 24. Bxe8 Qxe8 25. Bxc5 Rxc5 26. Rxb7 Qc8 27. Rb3 Rcxa5 28. a4 Qc5+ 29. Kh1 1/2-1/2

[Event "Corr"]
[Site "?"]
[Date "1994.??.??"]
[Round "?"]
[White "Pioch Zygmunt"]
[Black "Haessler Wolfgang"]
[Result "1/2-1/2"]
[WhiteElo "2590"]
[BlackElo "2650"]
[PlyCount "55"]
[EventDate "1994.??.??"]
[Source "www.chesslib.no"]
[SourceDate "2004.05.04"]

1. e4 d6 2. d4 Nf6 3. Nc3 g6 4. f4 Bg7 5. Nf3 O-O 6. Be2 c5 7. dxc5 Qa5 8. O-O Qxc5+ 9. Kh1 Nbd7 10. Bd3 b6 11. Qe1 Bb7 12. Be3 Qh5 13. Nd2 Ng4 14. Bg1 Bd4 15. Rf3 Bxg1 16. Qxg1 Qc5 17. Qe1 Ngf6 18. Nb3 Qc7 19. Qh4 Qd8 20. Rh3 e5 21. Qh6 exf4 22. Rf1 Re8 23. Qxf4 Re5 24. Nd2 Qe7 25. Nc4 Re6 26. Ne3 Re5 27. Nc4 Re6 28. Ne3 1/2-1/2

[Event "Tallinn"]
[Site "?"]
[Date "1973.??.??"]
[Round "?"]
[White "Spassky, Boris V"]
[Black "Bronstein, David I"]
[Result "1/2-1/2"]
[WhiteElo "2655"]
[BlackElo "2570"]
[PlyCount "40"]
[EventDate "1973.??.??"]
[Source "www.chesslib.no"]
[SourceDate "2004.05.04"]

1. e4 d6 2. d4 Nf6 3. Nc3 g6 4. f4 Bg7 5. Nf3 O-O 6. Be3 c5 7. dxc5 Qa5 8. Bd3 Ng4 9. Bd2 Qxc5 10. Qe2 Nf6 11. a3 Bg4 12. h3 Bxf3 13. Qxf3 Nc6 14. Be3 Qa5 15. O-O Nd7 16. Bd2 Qb6+ 17. Kh1 Nc5 18. Rab1 Nxd3 19. cxd3 e6 20. Be3 Qa5 1/2-1/2

[Event "Rostov na Donu"]
[Site "?"]
[Date "1993.??.??"]
[Round "?"]
[White "Dolmatov, S."]
[Black "Smirin, I."]
[Result "1-0"]
[WhiteElo "2615"]
[BlackElo "2590"]
[PlyCount "91"]
[EventDate "1993.??.??"]
[Source "ChessBase"]
[SourceDate "1993.02.01"]

1. e4 d6 2. d4 Nf6 3. Nc3 g6 4. f4 Bg7 5. Nf3 O-O 6. Bd3 Na6 7. O-O c5 8. d5 Bg4 9. Bc4 Nc7 10. h3 Bxf3 11. Qxf3 e6 12. dxe6 fxe6 13. Be3 Qe7 14. e5 dxe5 15. Qxb7 Rfb8 16. Qf3 Rxb2 17. Ne4 Nxe4 18. Qxe4 exf4 19. Bxf4 Re8 20. Bb3 Rxb3 21. axb3 Bxa1 22. Rxa1 Nb5 23. Be3 Rc8 24. Ra6 Nd6 25. Qe5 Nf7 26. Qxe6 Qxe6 27. Rxe6 a5 28. Bd2 Ra8 29. Rc6 a4 30. bxa4 Rxa4 31. Rxc5 Nd6 32. Rc6 Nc4 33. Bg5 Kf7 34. Kf2 Ke8 35. Rc7 Nd6 36. Ke2 Rc4 37. Rxc4 Nxc4 38. Kd3 Ne5+ 39. Kd4 Nc6+ 40. Kc5 Kd7 41. Bf6 Na7 42. Kd5 Nc8 43. Bg5 Nb6+ 44. Ke5 Nc4+ 45. Kf6 Na3 46. Kg7 1-0

[Event "Amsterdam m"]
[Site "Amsterdam NED"]
[Date "1977.??.??"]
[Round "5"]
[White "Spassky, Boris Vasily"]
[Black "Timman, Jan H"]
[Result "1/2-1/2"]
[WhiteElo "2610"]
[BlackElo "2590"]
[PlyCount "67"]
[EventDate "1977.??.??"]
[Source "www.chesslib.no"]
[SourceDate "2004.05.04"]

1. e4 d6 2. d4 Nf6 3. Nc3 g6 4. f4 Bg7 5. Nf3 O-O 6. Bd3 Nc6 7. e5 dxe5 8. fxe5 Ng4 9. Be4 f6 10. h3 Nh6 11. exf6 exf6 12. Be3 Ne7 13. Qd2 Nhf5 14. Bf4 c6 15. O-O-O Nd6 16. Rhe1 Nxe4 17. Nxe4 Nd5 18. Bh6 Bxh6 19. Qxh6 Qc7 20. Rd2 Bf5 21. Nh4 Rae8 22. Rde2 Bxe4 23. Rxe4 Qf7 24. Qd2 Rxe4 25. Rxe4 f5 26. Re5 f4 27. Nf3 Ne3 28. b3 Qd7 29. g4 Re8 30. Qa5 b5 31. Rxe8+ Qxe8 32. Qxa7 Nxc2 33. Ng5 Qe3+ 34. Kxc2 1/2-1/2

[Event "11, olm Joegoslavie"]
[Site "11, olm Joegoslavie"]
[Date "1980.??.??"]
[Round "?"]
[White "Ljubojevic, Ljubomir"]
[Black "Timman, Jan Hein"]
[Result "0-1"]
[WhiteElo "2590"]
[BlackElo "2600"]
[PlyCount "52"]
[EventDate "1980.??.??"]
[Source "www.chesslib.no"]
[SourceDate "2004.05.04"]

1. e4 d6 2. d4 Nf6 3. Nc3 g6 4. f4 Bg7 5. Nf3 O-O 6. Bd3 Nc6 7. e5 dxe5 8. dxe5 Nd5 9. Bd2 Nb6 10. Qe2 Nb4 11. Be4 f5 12. exf6 exf6 13. a3 f5 14. axb4 fxe4 15. Nxe4 Bxb2 16. Rd1 Bf5 17. Bc3 Bxc3+ 18. Nxc3 Qf6 19. Ne5 Qe7 20. Rb1 a5 21. bxa5 Rxa5 22. Rf1 Qc5 23. Qd2 Re8 24. Rf3 Nc4 25. Qf2 Nxe5 26. fxe5 Qxe5+ 0-1

[Event "Neum"]
[Site "?"]
[Date "2000.??.??"]
[Round "?"]
[White "Timman, J."]
[Black "Marin, Mihail"]
[Result "1/2-1/2"]
[WhiteElo "2635"]
[BlackElo "2555"]
[PlyCount "53"]
[EventDate "2000.??.??"]
[Source "Chess Informant"]
[SourceDate "2000.06.01"]

1. e4 d6 2. d4 Nf6 3. Nc3 g6 4. f4 Bg7 5. Nf3 O-O 6. Bd3 Na6 7. e5 Ng4 8. h3 Nh6 9. Bxa6 bxa6 10. Be3 Bb7 11. Qe2 Nf5 12. Bf2 f6 13. g4 Nxd4 14. Bxd4 fxe5 15. Be3 exf4 16. Bf2 e5 17. O-O-O Qe7 18. Ne4 d5 19. Nc5 e4 20. Nxb7 Qb4 21. Bd4 Qxb7 22. Bxg7 Kxg7 23. Nd4 Rae8 24. Nb3 e3 25. Nd4 c5 26. Nf3 d4 27. c4 1/2-1/2

[Event "Hoogovens"]
[Site "?"]
[Date "1994.??.??"]
[Round "1"]
[White "Van der Wiel, John T H"]
[Black "Smirin, Ilia"]
[Result "1-0"]
[WhiteElo "2570"]
[BlackElo "2615"]
[PlyCount "27"]
[EventDate "1994.??.??"]
[Source "www.chesslib.no"]
[SourceDate "2004.05.04"]

1. e4 d6 2. d4 Nf6 3. Nc3 g6 4. f4 Bg7 5. Nf3 O-O 6. Be2 c5 7. dxc5 Qa5 8. O-O Qxc5+ 9. Kh1 Nbd7 10. Bd3 b6 11. Qe1 Bb7 12. Be3 Qh5 13. Nd2 Ng4 14. Bg1 1-0

[Event "Kobenhavn"]
[Site "?"]
[Date "1995.??.??"]
[Round "?"]
[White "Hector, J."]
[Black "Hansen, Cu"]
[Result "1/2-1/2"]
[WhiteElo "2540"]
[BlackElo "2630"]
[PlyCount "61"]
[EventDate "1995.??.??"]
[Source "ChessBase"]
[SourceDate "1995.06.01"]

1. e4 d6 2. d4 Nf6 3. Nc3 g6 4. f4 Bg7 5. Nf3 O-O 6. Bd3 Nc6 7. O-O e5 8. fxe5 dxe5 9. d5 Ne7 10. Nxe5 c6 11. Bg5 cxd5 12. Bxf6 Qb6+ 13. Kh1 Bxf6 14. Nxd5 Nxd5 15. Nc4 Qd8 16. exd5 b5 17. Na5 Bh4 18. Qd2 Qxd5 19. Qf4 Qg5 20. Qxg5 Bxg5 21. Bxb5 Rb8 22. a4 a6 23. Bc4 Rxb2 24. Bb3 Be6 25. Nc4 Bxc4 26. Bxc4 Rxc2 27. Bxa6 Ra8 28. Bd3 Rc5 29. Bb5 Kg7 30. Rad1 Ra7 31. Rf2 1/2-1/2

[Event "Wijk aan Zee II"]
[Site "?"]
[Date "2001.??.??"]
[Round "?"]
[White "Luther, Th"]
[Black "Gulko, B."]
[Result "1-0"]
[WhiteElo "2540"]
[BlackElo "2620"]
[PlyCount "83"]
[EventDate "2001.??.??"]
[Source "Chess Informant"]
[SourceDate "2000.10.01"]

1. e4 d6 2. d4 Nf6 3. Nc3 g6 4. f4 Bg7 5. Nf3 O-O 6. Bd3 Na6 7. O-O c5 8. d5 Bg4 9. a3 Nc7 10. Qe1 Bxf3 11. Rxf3 e6 12. dxe6 Nxe6 13. f5 Nd4 14. Rh3 c4 15. Bxc4 Nxc2 16. Qh4 Nxa1 17. Nd5 Nh5 18. Bg5 Qa5 19. fxg6 Qc5+ 20. Be3 Qxc4 21. Ne7+ Kh8 22. Qxh5 Qf1+ 23. Kxf1 fxg6+ 24. Qf3 Rxf3+ 25. gxf3 Bxb2 26. Nxg6+ Kg7 27. Ne7 Nc2 28. Nf5+ Kh8 29. Bh6 Rd8 30. Rg3 Bf6 31. f4 Nd4 32. Nxd4 Bxd4 33. e5 Re8 34. Bg5 Rf8 35. Bf6+ Rxf6 36. exf6 Bxf6 37. a4 d5 38. Rb3 b6 39. Rb5 d4 40. Rd5 Kg7 41. Rd7+ Kg6 42. Rxa7 1-0

[Event "Bucuresti 72/115"]
[Site "?"]
[Date "1998.??.??"]
[Round "?"]
[White "Nisipeanu, Liviu Dieter"]
[Black "Badea, Bela"]
[Result "1/2-1/2"]
[WhiteElo "2610"]
[BlackElo "2545"]
[PlyCount "95"]
[EventDate "1998.??.??"]
[Source "ChessBase"]
[SourceDate "1998.02.01"]

1. e4 d6 2. d4 Nf6 3. Nc3 g6 4. f4 Bg7 5. Nf3 O-O 6. Be3 a6 7. e5 Ng4 8. Bg1 b5 9. h3 Nh6 10. Bd3 Bb7 11. Qe2 c5 12. dxc5 Nc6 13. O-O-O Qa5 14. Kb1 dxe5 15. fxe5 Rad8 16. Bf2 b4 17. Ne4 Nxe5 18. Nxe5 Bxe5 19. g4 f6 20. Rhe1 Nf7 21. Nd2 Qa4 22. Be4 Bxe4 23. Qxe4 Qd7 24. Qe2 Qb7 25. Nf3 a5 26. Rd3 Rxd3 27. cxd3 Bb8 28. d4 Rd8 29. Qe4 Qxe4+ 30. Rxe4 e5 31. dxe5 Nxe5 32. Nxe5 Bxe5 33. Kc2 Kf7 34. g5 Rd5 35. gxf6 Kxf6 36. c6 Bc7 37. h4 Rd6 38. Rc4 Re6 39. Kb3 Re2 40. Ba7 Ke6 41. Ka4 Rxb2 42. Kb5 Rxa2 43. Bb6 Bh2 44. c7 Bxc7 45. Bxc7 b3 46. Bxa5 Rc2 47. Rb4 b2 48. Bd8 1/2-1/2

[Event "Linz"]
[Site "Linz"]
[Date "1997.05.17"]
[Round "1"]
[White "Rogers, Ian"]
[Black "Beim, Valery"]
[Result "0-1"]
[WhiteElo "2600"]
[BlackElo "2555"]
[PlyCount "168"]
[EventDate "1997.05.17"]
[Source "ChessBase"]
[SourceDate "1997.08.01"]

1. e4 d6 2. d4 Nf6 3. Nc3 g6 4. f4 Bg7 5. Nf3 O-O 6. Be2 c5 7. dxc5 Qa5 8. O-O Qxc5+ 9. Kh1 Nc6 10. Bd3 Bg4 11. Qe1 Rfc8 12. a3 Qa5 13. Bd2 Bxf3 14. Rxf3 Nd4 15. Rh3 Ne6 16. Nd5 Qd8 17. Qh4 Nf8 18. Ne3 N6d7 19. c3 e6 20. Qxd8 Rxd8 21. Bc2 Rac8 22. g4 d5 23. exd5 Nb6 24. f5 exd5 25. Rf1 d4 26. cxd4 Bxd4 27. Bb3 g5 28. Nd1 Bf6 29. Bc3 Nfd7 30. Re3 Re8 31. Rfe1 Rxe3 32. Rxe3 Kf8 33. h3 Bxc3 34. Nxc3 Nf6 35. Re1 Rd8 36. Re2 h5 37. gxh5 Rd3 38. h6 Rxh3+ 39. Kg2 Rxh6 40. Rd2 Ke7 41. Nb5 Nh5 42. Nxa7 Nf4+ 43. Kg1 g4 44. a4 g3 45. a5 g2 46. f6+ Ke8 47. Rxg2 Nxg2 48. Kxg2 Rg6+ 49. Kh1 Rh6+ 50. Kg2 Rg6+ 51. Kh1 Nd7 52. Nb5 Rxf6 53. Bd5 Ke7 54. Nc3 Rf1+ 55. Kg2 Ra1 56. b4 b6 57. Na2 bxa5 58. bxa5 Nc5 59. Kf2 f6 60. Ke3 Kd6 61. Bc4 Ke5 62. Kf3 Kd4 63. Bf7 Rf1+ 64. Kg4 f5+ 65. Kh3 Rf3+ 66. Kh4 Ra3 67. Kg5 Ke5 68. Nb4 Rg3+ 69. Kh6 Rg4 70. Nc2 Kf6 71. Bh5 Rg8 72. Kh7 Rg7+ 73. Kh6 Ra7 74. Ne3 Rxa5 75. Nd5+ Ke5 76. Ne3 Ra6+ 77. Bg6 f4 78. Ng4+ Kd4 79. Kg5 f3 80. Be8 Ne4+ 81. Kf4 f2 82. Bb5 Rb6 83. Be2 Rb1 84. Nh2 Nd2 0-1

[Event "IBM"]
[Site "Amsterdam"]
[Date "1978.??.??"]
[Round "10"]
[White "Hort, Vlastimil"]
[Black "Pfleger, Helmut"]
[Result "1/2-1/2"]
[WhiteElo "2620"]
[BlackElo "2530"]
[PlyCount "113"]
[EventDate "1978.07.??"]
[Source "ChessBase"]

1. e4 d6 2. d4 Nf6 3. Nc3 g6 4. f4 Bg7 5. Nf3 O-O 6. Be3 c5 7. dxc5 Qa5 8. Bd3 Ng4 9. Bd2 Qxc5 10. Qe2 Nf6 11. Be3 Qa5 12. O-O Bg4 13. Bc4 Nc6 14. Bb3 Nd7 15. Bd2 Nd4 16. Qf2 Bxf3 17. gxf3 a6 18. Nd5 Qd8 19. Bc3 Nxb3 20. axb3 Bxc3 21. Nxc3 Nf6 22. Rad1 Qa5 23. Rd4 Qh5 24. Re1 Rad8 25. e5 dxe5 26. Rxe5 Qh6 27. Rxe7 Nh5 28. Ree4 Nf6 29. Re5 Qh3 30. Ne2 Nh5 31. f5 Rde8 32. Rxe8 Rxe8 33. fxg6 hxg6 34. Ng3 Nf6 35. Qd2 Qe6 36. Kg2 Qe5 37. c3 Kg7 38. b4 b5 39. Rd6 Re6 40. Rd8 Nh5 41. Kf2 Nf4 42. Qd4 f5 43. h4 Kf6 44. Rf8+ Kg7 45. Rd8 Kf6 46. Qxe5+ Rxe5 47. Rd6+ Re6 48. Rd4 g5 49. hxg5+ Kxg5 50. Rd8 Kg6 51. Rg8+ Kf7 52. Rd8 Kg6 53. Rd2 Kg5 54. Ne2 Nxe2 55. Rxe2 Rd6 56. Ke3 Re6+ 57. Kf2 1/2-1/2

[Event "Corr"]
[Site "?"]
[Date "1998.??.??"]
[Round "?"]
[White "Korolev Sergey Ivanovich"]
[Black "Hansen Mads Smith"]
[Result "1-0"]
[WhiteElo "2630"]
[BlackElo "2510"]
[PlyCount "107"]
[EventDate "1998.??.??"]
[Source "www.chesslib.no"]
[SourceDate "2004.05.04"]

1. e4 d6 2. d4 Nf6 3. Nc3 g6 4. f4 Bg7 5. Nf3 O-O 6. Bd3 Nc6 7. e5 dxe5 8. fxe5 Nh5 9. Be3 Bg4 10. Bc4 Kh8 11. Qd3 f6 12. e6 Nb4 13. Qd2 c6 14. d5 Qc8 15. Bb3 Rd8 16. O-O-O cxd5 17. Nxd5 Nc6 18. Qc3 f5 19. Qc5 Bxf3 20. gxf3 Qxe6 21. Nc7 Qf6 22. c3 Rac8 23. Ne6 Re8 24. f4 Qh4 25. Bf2 Qf6 26. Kb1 Bh6 27. Bg3 Ng7 28. Rhe1 Nxe6 29. Rxe6 Qf8 30. Rd7 Bg7 31. Bh4 g5 32. Bxg5 Nd8 33. Qxc8 Nxe6 34. Qc4 Nxg5 35. fxg5 Be5 36. Rxb7 f4 37. Qe4 Qg7 38. h4 Rf8 39. Rxa7 f3 40. Bc4 f2 41. Kc2 Qg6 42. Qxg6 hxg6 43. Rxe7 Bg3 44. h5 f1=Q 45. Bxf1 Rxf1 46. hxg6 Rf5 47. b4 Rxg5 48. Re6 Kg7 49. Kb3 Rxg6 50. Rxg6+ Kxg6 51. Kc4 Kf6 52. Kd5 Ke7 53. Kc6 Kd8 54. b5 1-0

[Event "Bled (ol) 86/71"]
[Site "?"]
[Date "2002.??.??"]
[Round "?"]
[White "Acs, P."]
[Black "Gagunashvili, M."]
[Result "1/2-1/2"]
[WhiteElo "2591"]
[BlackElo "2538"]
[PlyCount "99"]
[EventDate "2002.??.??"]
[Source "Chess Informant"]
[SourceDate "2002.10.01"]

1. e4 d6 2. d4 Nf6 3. Nc3 g6 4. f4 Bg7 5. Nf3 O-O 6. Bd3 Nc6 7. O-O e5 8. dxe5 dxe5 9. f5 gxf5 10. exf5 e4 11. Nxe4 Bxf5 12. Nxf6+ Qxf6 13. Bg5 Qe6 14. Bxf5 Qxf5 15. c3 Rae8 16. Bh4 Qb5 17. Rf2 Qb6 18. Qd3 Ne5 19. Nxe5 Rxe5 20. Raf1 f5 21. Bg3 Re7 22. Kh1 Qe6 23. h3 Qxa2 24. Rxf5 Rxf5 25. Rxf5 Qe6 26. Rd5 Bf6 27. Rd8+ Kg7 28. Bf4 Qe4 29. Qg3+ Qg6 30. Bxc7 Qxg3 31. Bxg3 b5 32. Rd2 a5 33. Rd5 b4 34. Rxa5 bxc3 35. bxc3 Bxc3 36. Ra6 Bd4 37. Bh4 Re4 38. Bg3 Re7 39. h4 Be5 40. Bf2 Rf7 41. Ra2 h5 42. g3 Kg6 43. Kg2 Rf6 44. Ra5 Rf5 45. Be3 Bf6 46. Ra6 Kg7 47. Bf4 Rd5 48. Kf3 Rb5 49. Ke4 Kf7 50. Rc6 1/2-1/2

[Event "Haninge"]
[Site "Haninge"]
[Date "1989.??.??"]
[Round "?"]
[White "Hellers, Ferdinand"]
[Black "Ftacnik, Lubomir"]
[Result "1/2-1/2"]
[WhiteElo "2565"]
[BlackElo "2550"]
[PlyCount "55"]
[EventDate "1989.05.??"]
[Source "ChessBase"]

1. e4 d6 2. d4 Nf6 3. Nc3 g6 4. f4 Bg7 5. Nf3 O-O 6. Bd3 Nc6 7. O-O Bg4 8. e5 dxe5 9. dxe5 Nd5 10. h3 Nxc3 11. bxc3 Bf5 12. Be3 Qd7 13. Qe2 Rfd8 14. Rad1 Bxd3 15. cxd3 b5 16. Bc5 e6 17. Ng5 b4 18. c4 Nd4 19. Qf2 a5 20. Ne4 Rab8 21. Rd2 a4 22. Rb1 b3 23. Bxd4 Qxd4 24. axb3 Rxb3 25. Rxb3 Qa1+ 26. Qf1 Qd4+ 27. Qf2 Qa1+ 28. Qf1 1/2-1/2

[Event "Goodricke 10th op"]
[Site "Calcutta"]
[Date "1999.02.09"]
[Round "4"]
[White "Dolmatov, Sergey"]
[Black "Marin, Mihail"]
[Result "1-0"]
[WhiteElo "2585"]
[BlackElo "2525"]
[PlyCount "77"]
[EventDate "1999.02.06"]
[Source "ChessBase"]
[SourceDate "1999.05.10"]

1. e4 d6 2. d4 Nf6 3. Nc3 g6 4. f4 Bg7 5. Nf3 O-O 6. Bd3 Na6 7. O-O c5 8. d5 Rb8 9. Qe2 Nc7 10. a4 a6 11. a5 b5 12. axb6 Rxb6 13. Na4 Rb8 14. c4 e6 15. e5 Nfe8 16. Nc3 Bb7 17. Rd1 exd5 18. cxd5 Nxd5 19. Bxa6 Nxc3 20. bxc3 Bxf3 21. Qxf3 Qe7 22. Qc6 dxe5 23. Ba3 exf4 24. Bxc5 Qg5 25. Bxf8 Bxf8 26. Bc4 Nf6 27. Bd5 Ng4 28. Qc7 Kg7 29. h3 Nf6 30. Qxf7+ Kh6 31. Bf3 Bc5+ 32. Kh1 Rb2 33. Ra2 Rb6 34. Ra5 Qe5 35. Qc4 Nd7 36. Bg4 Rd6 37. Rf1 f3 38. Bxf3 Rd2 39. Rb5 1-0

[Event "It (open)"]
[Site "?"]
[Date "2005.04.28"]
[Round "9"]
[White "Korneev Oleg"]
[Black "Chatalbashev Boris"]
[Result "1-0"]
[WhiteElo "2611"]
[BlackElo "2499"]
[PlyCount "61"]
[EventDate "2005.??.??"]
[Source "www.chesslib.no"]
[SourceDate "2004.05.04"]

1. e4 d6 2. d4 Nf6 3. Nc3 g6 4. f4 Bg7 5. Nf3 O-O 6. Bd3 Na6 7. O-O c5 8. d5 Bg4 9. Kh1 Rb8 10. a3 Nc7 11. Qe1 b5 12. Qh4 a5 13. f5 Bxf3 14. Rxf3 c4 15. Be2 b4 16. axb4 axb4 17. Nd1 Ra8 18. Rb1 Nb5 19. Rh3 Nd4 20. Bg5 h5 21. Bxc4 Nxc2 22. Nf2 Qa5 23. e5 Qa1 24. Rf1 dxe5 25. d6 Rfc8 26. fxg6 Nd4 27. gxf7+ Kf8 28. dxe7+ Kxe7 29. f8=Q+ Rxf8 30. Ne4 Nf5 31. Qf2 1-0

[Event "Tch (Men) 2005/2006 CZE"]
[Site "?"]
[Date "2005.12.03"]
[Round "5"]
[White "Jakubiec Artur"]
[Black "Stocek Jiri"]
[Result "1-0"]
[WhiteElo "2529"]
[BlackElo "2580"]
[PlyCount "97"]
[EventDate "2005.??.??"]
[Source "www.chesslib.no"]
[SourceDate "2004.05.04"]

1. e4 d6 2. d4 Nf6 3. Nc3 g6 4. f4 Bg7 5. Nf3 O-O 6. Be3 Nbd7 7. Bc4 c5 8. dxc5 Qc7 9. Qe2 Nxc5 10. e5 Nfe4 11. Nd5 Qd8 12. O-O-O Bg4 13. Bd4 Re8 14. b4 Nd7 15. Qxe4 e6 16. Nf6+ Bxf6 17. exf6 d5 18. Qe1 dxc4 19. Bc3 Qc7 20. Rxd7 Qxd7 21. Ne5 Qd6 22. Nxg4 Qxf4+ 23. Qd2 Qxd2+ 24. Kxd2 Red8+ 25. Ke2 h5 26. Ne5 Kf8 27. h3 Rd5 28. a4 Rc8 29. a5 Rcd8 30. Rf1 g5 31. g4 h4 32. Nf3 Kg8 33. Bd2 c3 34. Bxg5 Rc8 35. Be3 Rc4 36. Rb1 a6 37. Nxh4 Rb5 38. Nf3 Rcxb4 39. Rxb4 Rxb4 40. Kd3 Ra4 41. Bb6 Ra1 42. Ne5 Re1 43. Bd4 Rh1 44. g5 Rxh3+ 45. Kc4 Rh4 46. Kxc3 Rf4 47. g6 fxg6 48. f7+ Kg7 49. Nd3+ 1-0

[Event "ISR-ch op"]
[Site "Tel Aviv"]
[Date "2001.04.14"]
[Round "6"]
[White "Acs, Peter"]
[Black "Avrukh, Boris"]
[Result "1/2-1/2"]
[WhiteElo "2509"]
[BlackElo "2600"]
[PlyCount "107"]
[EventDate "2001.04.09"]
[Source "ChessBase"]
[SourceDate "2001.05.06"]

1. e4 d6 2. d4 Nf6 3. Nc3 g6 4. f4 Bg7 5. Nf3 O-O 6. Bd3 Na6 7. O-O c5 8. d5 Bg4 9. Kh1 Nc7 10. h3 Bxf3 11. Qxf3 a6 12. a4 b6 13. Be3 Rb8 14. Ne2 Nd7 15. c3 Qe8 16. Rad1 b5 17. axb5 Nxb5 18. Qg3 Kh8 19. Bc1 Nc7 20. Ng1 f5 21. exf5 gxf5 22. Nf3 Nxd5 23. Ng5 Nc7 24. Rde1 Rf6 25. Qf2 h6 26. Nf3 Qf7 27. Qe2 Re6 28. Qc2 Rxe1 29. Rxe1 e6 30. g4 fxg4 31. hxg4 Nf8 32. Qh2 Kg8 33. g5 h5 34. g6 Qd7 35. Qxh5 Nd5 36. f5 Nf6 37. Qh3 Re8 38. Bg5 exf5 39. Rxe8 Qxe8 40. Qxf5 N8d7 41. Bxa6 Qa8 42. Qe6+ Kh8 43. Be2 Qe4 44. Qxe4 Nxe4 45. Bf4 Nf8 46. Nh4 Bf6 47. Nf5 Nxg6 48. Bxd6 Nh4 49. Nxh4 Nxd6 50. Ng6+ Kg8 51. Kg2 Ne4 52. Nf4 Nxc3 53. bxc3 Bxc3 54. Bd3 1/2-1/2

[Event "Cannes op 18th"]
[Site "Cannes"]
[Date "1997.??.??"]
[Round "5"]
[White "Palac, Mladen"]
[Black "Markowski, Tomasz"]
[Result "1/2-1/2"]
[WhiteElo "2595"]
[BlackElo "2510"]
[PlyCount "68"]
[EventDate "1997.02.22"]
[Source "ChessBase"]

1. e4 d6 2. d4 Nf6 3. Nc3 g6 4. f4 Bg7 5. Nf3 O-O 6. Be2 c5 7. dxc5 Qa5 8. O-O Qxc5+ 9. Kh1 Nc6 10. Bd3 Nb4 11. Qe1 b6 12. Be3 Nxd3 13. cxd3 Qh5 14. Bd4 Ba6 15. Rd1 e5 16. fxe5 Ng4 17. Ne2 Nxe5 18. Qg3 Nxf3 19. Rxf3 Bxd4 20. Nxd4 Qe5 21. Qf2 Rae8 22. Rf1 Re7 23. Qe3 f6 24. R3f2 Ree8 25. h3 Bb7 26. Nf3 Qe6 27. Qh6 Ba6 28. Nd4 Qe7 29. Rf3 Qe5 30. Qe3 Bb7 31. Qf2 Kg7 32. Rg3 Kh8 33. Rf3 Kg7 34. Rg3 Kh8 1/2-1/2

[Event "Reykjavik"]
[Site "?"]
[Date "1990.??.??"]
[Round "?"]
[White "Dolmatov, S."]
[Black "Nijboer, F."]
[Result "1-0"]
[WhiteElo "2620"]
[BlackElo "2485"]
[PlyCount "61"]
[EventDate "1990.??.??"]
[Source "ChessBase"]
[SourceDate "1990.01.01"]

1. e4 d6 2. d4 Nf6 3. Nc3 g6 4. f4 Bg7 5. Nf3 O-O 6. Bd3 Na6 7. O-O c5 8. d5 Rb8 9. Qe2 Nc7 10. a4 a6 11. a5 e6 12. dxe6 Nxe6 13. f5 Nd4 14. Nxd4 cxd4 15. Nd1 b5 16. Nf2 Re8 17. Qf3 Rb7 18. Bf4 Rd7 19. Qh3 Nh5 20. Bd2 d5 21. exd5 Rxd5 22. Ng4 Re3 23. Nxe3 dxe3 24. Bxe3 Bxb2 25. Rae1 Ng7 26. Bb6 Bd4+ 27. Bxd4 Rxd4 28. Qg3 Qxa5 29. Qf2 Rd7 30. f6 Ne6 31. Rxe6 1-0

[Event "Ch (Men) San Luis ARG"]
[Site "?"]
[Date "2006.04.29"]
[Round "4"]
[White "Felgaer Ruben"]
[Black "Peralta Fernando"]
[Result "1/2-1/2"]
[WhiteElo "2580"]
[BlackElo "2524"]
[PlyCount "73"]
[EventDate "2006.??.??"]
[Source "www.chesslib.no"]
[SourceDate "2004.05.04"]

1. e4 d6 2. d4 Nf6 3. Nc3 g6 4. f4 Bg7 5. Nf3 O-O 6. Bd3 c5 7. d5 Na6 8. O-O Bg4 9. h3 Bxf3 10. Rxf3 Nc7 11. a4 e6 12. dxe6 fxe6 13. f5 Nd7 14. fxg6 hxg6 15. Rg3 Ne5 16. Bg5 Bf6 17. Qd2 Bxg5 18. Rxg5 Qf6 19. Rf1 Qh8 20. Qe1 Rxf1+ 21. Bxf1 Rf8 22. Qg3 Qf6 23. Be2 Qf4 24. h4 Qxg3 25. Rxg3 Kg7 26. h5 Rf4 27. hxg6 a6 28. Rh3 Nxg6 29. Rd3 Ne8 30. Bh5 Kh6 31. g3 Rf8 32. Bxg6 Kxg6 33. Ne2 e5 34. Rb3 Rf7 35. Nc3 Nf6 36. Rb6 Rd7 37. Kf2 1/2-1/2

[Event "ARM-ch"]
[Site "Yerevan"]
[Date "1999.10.20"]
[Round "5"]
[White "Yegiazarian, Arsen"]
[Black "Minasian, Artashes"]
[Result "1-0"]
[WhiteElo "2504"]
[BlackElo "2600"]
[PlyCount "67"]
[EventDate "1999.10.16"]
[Source "ChessBase"]
[SourceDate "2000.02.01"]

1. e4 d6 2. d4 Nf6 3. Nc3 g6 4. f4 Bg7 5. Nf3 O-O 6. Bd3 Nc6 7. O-O Bg4 8. e5 dxe5 9. dxe5 Nd5 10. h3 Nxc3 11. bxc3 Bf5 12. Qe2 Qd5 13. Be3 Qa5 14. Bxf5 gxf5 15. Qc4 e6 16. Rab1 Rab8 17. Rfd1 h6 18. g4 fxg4 19. hxg4 Qa6 20. Qe4 Rfd8 21. f5 exf5 22. gxf5 Rxd1+ 23. Rxd1 Re8 24. e6 Kh8 25. Rd7 Qe2 26. Rd2 Qb5 27. Rh2 Ne5 28. Bxh6 Nxf3+ 29. Qxf3 Bxh6 30. Rxh6+ Kg7 31. Rh7+ Kxh7 32. Qh5+ Kg7 33. f6+ Kxf6 34. Qxb5 1-0